Tính kết cấu bằng phần mềm phần tử hữu hạn RDM

保存先:
書誌詳細
第一著者: Phan Đình Huấn
フォーマット: 図書
言語:Undetermined
出版事項: Tp HCM ĐHQG 2002
主題:
タグ: タグ追加
タグなし, このレコードへの初めてのタグを付けませんか!
Thư viện lưu trữ: Trung tâm Học liệu Trường Đại học Cần Thơ
LEADER 00574nam a2200181Ia 4500
001 CTU_56880
008 210402s9999 xx 000 0 und d
020 |b 11000 
082 |a 620.001'51535 
082 |b H502 
100 |a Phan Đình Huấn 
245 0 |a Tính kết cấu bằng phần mềm phần tử hữu hạn RDM 
245 0 |c Phan Đình Huấn 
260 |a Tp HCM 
260 |b ĐHQG 
260 |c 2002 
650 |a construction data processing industry,finite element method 
980 |a Trung tâm Học liệu Trường Đại học Cần Thơ